Southville International School and Colleges
Your cart is empty.
  • Cart
  • Lists
    Public lists Eva Luna New books Lux_list list_1
    Your lists Log in to create your own lists
  • Log in to your account
  • Your cookies
  • Search history
Southville International School and Colleges
  • Advanced search
  • Recent comments
  • Most popular
  • Libraries

Log in to your account

Log in with GOOGLE


If you do not have an external account, but do have a local account, you can still log in:

  1. Home
  2. MARC view: Does a kangaroo have a mother too? /
Normal view MARC view ISBD view

Does a kangaroo have a mother too? / (Record no. 105838)

[ view plain ]
MARC details
000 -LEADER
fixed length control field 00647nam a2200169 a 4500
005 - DATE AND TIME OF LATEST TRANSACTION
control field 20140412111416.0
008 - FIXED-LENGTH DATA ELEMENTS--GENERAL INFORMATION
fixed length control field 070814s19uu xx 00 eng d
020 ## - INTERNATIONAL STANDARD BOOK NUMBER
International Standard Book Number 0-43927149-5
050 ## - LIBRARY OF CONGRESS CALL NUMBER
Classification number TR(PS E
Item number Do67 2000
100 ## - MAIN ENTRY--PERSONAL NAME
Personal name Carle, Eric
245 ## - TITLE STATEMENT
Title Does a kangaroo have a mother too? /
Statement of responsibility, etc Eric Carle.
260 ## - PUBLICATION, DISTRIBUTION, ETC. (IMPRINT)
Place of publication, distribution, etc New York :
Name of publisher, distributor, etc HarperCollins,
Date of publication, distribution, etc 2000.
300 ## - PHYSICAL DESCRIPTION
Extent 1v. (unpaged)
520 ## - SUMMARY, ETC.
Summary, etc Presents the nam,es of animal babies, parents, and groups, for example, a baby kangaroo is a joey, it.s mother is a flyer, its father is a boomer, and a group of kangarooos is a troop, mob,or herd.
650 ## - SUBJECT ADDED ENTRY--TOPICAL TERM
Topical term or geographic name as entry element Animals
General subdivision Infancy
Holdings
Withdrawn status Lost status Damaged status Use restrictions Home library Current library Shelving location Date acquired Source of acquisition Cost, normal purchase price Total Checkouts Full call number Barcode Date last seen Price effective from Koha item type
        Elizalde Library Elizalde Library Teachers Reference Section 08/14/2007   185.00   TR(PS E Do67 2000 E10758 04/12/2014 04/12/2014 Books

Does a kangaroo have a mother too? /

APA

Carle E., . (2000). Does a kangaroo have a mother too?. New York: HarperCollins.

Chicago

Carle Eric, . 2000. Does a kangaroo have a mother too?. New York: HarperCollins.

Harvard

Carle E., . (2000). Does a kangaroo have a mother too?. New York: HarperCollins.

MLA

Carle Eric, . Does a kangaroo have a mother too?. New York: HarperCollins. 2000.

  • Place hold
  • Print
  • Cite
  • Add to your cart (remove)
  • Save record
    BIBTEX Dublin Core MARCXML MARC (non-Unicode/MARC-8) MARC (Unicode/UTF-8) MARC (Unicode/UTF-8, Standard) MODS (XML) RIS
  • More searches
    Search for this title in:
    Other Libraries (WorldCat) Other Databases (Google Scholar) Online Stores (Bookfinder.com) Open Library (openlibrary.org)

Exporting to Dublin Core...

SOUTHVILLE LIBRARY

Southville International School and Colleges Library

1281 Tropical Ave. Cor. Luxembourg St., BF Homes International, Las Pinas City

Tel. No. 8256374 / 252358 Loc. 117/146

Powered by Koha